000
00275nam a22001217a 4500
020
_a
978 81 908921 7 0
082
_a
82-32=214.21
_b
CHA
100
_a
SARATHCHANDRA
245
_a
Badee deedi (Hindi)
260
_a
Delhi
_b
Sahithya Samnjan
_c
2009
300
_a
63p.
942
_c
BK
999
_c
74976
_d
74976